The way of Muhammad / (Record no. 1320)

000 -LEADER
fixed length control field nam a22 a 4500
003 - CONTROL NUMBER IDENTIFIER
control field AKMAL
005 - DATE AND TIME OF LATEST TRANSACTION
control field 20170509100258.0
008 - FIXED-LENGTH DATA ELEMENTS--GENERAL INFORMATION
fixed length control field 170509s1991 my 00 eng d
020 ## - INTERNATIONAL STANDARD BOOK NUMBER
International Standard Book Number 9676903086:
Terms of availability Rgt. 16.80
040 ## - CATALOGING SOURCE
Original cataloging agency AKMAL
Transcribing agency AKMAL
049 ## - LOCAL HOLDINGS (OCLC)
Holding library mal
082 04 - DEWEY DECIMAL CLASSIFICATION NUMBER
Classification number 297.4 SUF
090 2# - LOCALLY ASSIGNED LC-TYPE CALL NUMBER (OCLC); LOCAL CALL NUMBER (RLIN)
Classification number (OCLC) (R) ; Classification number, CALL (RLIN) (NR) 297.4
Local cutter number (OCLC) ; Book number/undivided call number, CALL (RLIN) SUF
090 ## - LOCALLY ASSIGNED LC-TYPE CALL NUMBER (OCLC); LOCAL CALL NUMBER (RLIN)
Classification number (OCLC) (R) ; Classification number, CALL (RLIN) (NR) 297.4
Local cutter number (OCLC) ; Book number/undivided call number, CALL (RLIN) SUF
100 ## - MAIN ENTRY--PERSONAL NAME
Personal name Sufi, 'Abd al-Qadir as-
9 (RLIN) 2599
245 14 - TITLE STATEMENT
Title The way of Muhammad /
Statement of responsibility, etc. 'Abd Al-Qadir as-Sufi
260 ## - PUBLICATION, DISTRIBUTION, ETC.
Place of publication, distribution, etc. Batu Caves :
Name of publisher, distributor, etc. Thinker's Library,
Date of publication, distribution, etc. 1991
300 ## - PHYSICAL DESCRIPTION
Extent 202p. :
Other physical details diagrs ;
Dimensions 21cm
521 ## - TARGET AUDIENCE NOTE
Target audience note Intended audience: Adult
600 #0 - SUBJECT ADDED ENTRY--PERSONAL NAME
Personal name Shadhiliyah
9 (RLIN) 2600
650 ## - SUBJECT ADDED ENTRY--TOPICAL TERM
Topical term or geographic name entry element Sufism
9 (RLIN) 1283
942 ## - ADDED ENTRY ELEMENTS (KOHA)
Source of classification or shelving scheme
Koha item type Book
Holdings
Withdrawn status Lost status Source of classification or shelving scheme Damaged status Not for loan Collection code Home library Current library Date acquired Inventory number Total Checkouts Full call number Barcode Date last seen Price effective from Koha item type
          NON-FICTION AKMAL Melaka AKMAL Melaka 09.05.2017 000386   297.4 SUF 201702530 09.05.2017 09.05.2017 Book
Pusat Sumber Maklumat Dato' Haji Sarmin Md Hussin, Akademi Kastam Diraja Malaysia, Melaka
Tel: 06-2331106 | Faks: 06-2313787